Hào khí Đông A /

Spremljeno u:
Bibliografski detalji
Glavni autor: Đặng Thành Văn.
Format: Članak
Jezik:Vietnamese
Teme:
Oznake: Dodaj oznaku
Bez oznaka, Budi prvi tko označuje ovaj zapis!
Thư viện lưu trữ: Thư viện Trường Đại học Đà Lạt
LEADER 00716nam a2200265 4500
001 DLU120134767
005 ##20120511
040 # # |a DLU  |b vie 
041 # # |a vie 
044 # # |a vn 
100 # # |a Đặng Thành Văn. 
245 # # |a Hào khí Đông A /  |c Đặng Thành Văn. 
653 # # |a Chống xâm lược 
653 # # |a Nhà lí 
653 # # |a Nhà Trần 
773 # # |t Giáo dục và Thời đại  |g Số 20, 2010, tr. 56-57 
920 # # |a Phòng Tạp chí -- Trung tâm Thông tin - Thư viện Trường Đại học Đà Lạt 
994 # # |a DLU 
900 # # |a True 
911 # # |a Nguyễn Thị Linh Chi 
925 # # |a G 
926 # # |a A 
927 # # |a BB 
980 # # |a Thư viện Trường Đại học Đà Lạt